000 01300nkm a2200289 i 4500
001 3566
003 ES-MaACL
005 20250811095056.0
007 khrbo
008 051118s1985 sp --- g |001||spa d
100 0 _aAlfonso,
_d1902-1990
_919858
245 1 0 _aUn visitante que se acerca
_b: el cometa Halley [
_hFotografía] /
_cAlfonso (sello).
260 _a[S.l. :
_bs.n.],
_c1985.
300 _a5 fot. :
_bb. y n. ;
_c12 x 18 cm.
490 1 _aJornadas de astronomía, enero 1985
500 _aDatos basados en invitación.
511 0 _aIntervienen: Miguel de Pascual.
518 _aActo organizado por la Sección de Ciencias del Ateneo de Madrid en colaboración con el Observatorio Astronómico (I.G.N), celebrado en el salón de actos el lunes, 21 de enero de 1985, a las 19:00 h.
600 1 4 _aPascual, Miguel de.
_989363
610 2 4 _aAteneo de Madrid-
_xActos culturales-
_y1985-
_vFotografías.
_91900
710 2 _aAteneo de Madrid.
_bSección de Ciencias Exactas, Físicas y Naturales.
_91978
710 2 _aObservatorio Astronómico de Madrid.
_96005
830 0 0 _aJornadas de astronomía
_9176791
852 _aES-MaACL
_jFOT 130/1985
856 4 _uhttp://www.ateneodemadrid.net/biblioteca_digital/imagenes/1985/0130-1985.jpg
_zVer imagen
999 _c3566
_d3566